La excedencia voluntaria laboral : un estudio de la figura jurƯ̕dica actualizado tras las l︢timas reformas legales /

Detalles Bibliográficos
Autor principal: Gonzl̀ez de la Aleja, Ramn̤
Formato: Libro
Lenguaje:español
Publicado: Albacete : Bomarzo, 2013.
Materias:
Acceso en línea:Acceso restringido

MARC

LEADER 00000cam a2200000 i 4500
005 20140318184054.0
007 cr|||| ||||
008 131014s2013 sp 000 0 spa d
017 |a D.L. 
020 |a 9788415923077 
035 |a 11827 
040 |a SpMaUCCP  |d BUS  |d vLex 
090 |c 4725  |d 4725 
100 1 |a Gonzl̀ez de la Aleja, Ramn̤. 
245 1 3 |a La excedencia voluntaria laboral :  |h [Recurso electrn̤ico] :  |b un estudio de la figura jurƯ̕dica actualizado tras las l︢timas reformas legales /  |c Ramn̤ Gonzl̀ez de la Aleja. 
256 |a Servicio en ln̕ea 
260 |a Albacete :  |b Bomarzo,  |c 2013. 
300 |a 1 recurso electrn̤ico 
506 1 |a Contenido solo disponible en los productos indicados  |d vLex Global  |d vLex Global (Academic Edition, excluding Law Schools)  |d vLex Global (U.S. Academic Edition, Law Schools)  |d vLex Global (U.S. Academic Edition, excluding Law Schools)  |d vLex Global (Academic Edition, Law Schools) 
650 0 4 |a Personal  |x Suspensin̤  |x Derecho 
650 0 4 |a Contrato de trabajo 
740 0 |a vLex Libros (Servicio en ln̕ea) 
856 4 0 |u http://vlex.com/source/excedencia-voluntaria-laboral-11827  |z Acceso restringido 
942 |c BOOK 
999 0 |a Employees